000 00190 a2200109 4500
020 _aX00010P6AJ
041 _aspa
100 _aRius, Maria
245 _aEl Mar
942 _cBK
952 _74
999 _c19613
_d19613